Supercomputing
Αποθηκεύτηκε σε:
| Άλλοι συγγραφείς: | |
|---|---|
| Μορφή: | Βιβλίο |
| Γλώσσα: | English |
| Δημοσίευση: |
Berlin :
Springer,
1989
|
| Σειρά: | NATO ASI series. Computer and systems sciences ;
; 62; Series F |
| Θέματα: | |
| Ετικέτες: |
Προσθήκη ετικέτας
Δεν υπάρχουν, Καταχωρήστε ετικέτα πρώτοι!
|
MARC
| LEADER | 00000nam a2200000 i 4500 | ||
|---|---|---|---|
| 001 | 1/82507 | ||
| 008 | 990525s1989 eng d | ||
| 020 | |a 3-540-52691-9 | ||
| 035 | |l 10051103 | ||
| 040 | |a GR-MY-UA |b gre |e aacr | ||
| 041 | 0 | |a eng | |
| 082 | 0 | |a 004.11 | |
| 245 | 1 | 0 | |a Supercomputing / |c edited by Janusz S.Kowalik |
| 260 | |a Berlin : |b Springer, |c 1989 | ||
| 300 | |a 425 p. | ||
| 490 | 1 | |a NATO ASI series. Computer and systems sciences |v ; 62; Series F | |
| 650 | 0 | 0 | |a Supercomputers |x Congresses. |
| 700 | 1 | |a Kowalik, Janusz S. |4 edt | |
| 830 | 0 | |a NATO ASI series. Computer and systems sciences ; |v ; 62; Series F | |
| 852 | |a INST |b RHODES |e 19990525 |h 004.11 SUP |p 005400015141 |q 005400015141 |t BK |y 0 | ||
| 901 | |a BIBL4-1999-2 | ||
| 909 | |a Ρ |b 065142 |c 1999 | ||
| 922 | |a 4ΕΛΗ |b 199903 |d LEADER | ||